A vindication of the ministers of the Gospel in, and about London, from the unjust aspersions cast upon their former actings for the Parliament, as if they had promoted the bringing of the King to capitall punishment. : With a short exhortation to their people to keep close to their covenant-ingagement.

Bibliographic Details
Other Authors: Burges, Cornelius, 1589?-1665
Format: eBook
Language:English
Published: London : Printed by A.M. for Th. Vnderhill at the Bible in Woodstreet, 1648. [id est 1649]
Series:Early English books online.
Subjects:
Online Access:Connect to the full text of this electronic book

MARC

Tag First Indicator Second Indicator Subfields
LEADER 00000nam a2200000 4500
001 in00004281920
005 20200813080302.0
006 m g d
007 cr bn |||a|bb|
008 940113s1649 enk o 00| | eng d
035 |a (UnM)99865041 
037 |a CL0051000003  |b ProQuest Information and Learning. 300 N. Zeeb Rd., Ann Arbor, MI 48106 
040 |a Cu-RivES  |c Cu-RivES  |d CStRLIN  |e dcrb  |d WaOLN 
245 0 2 |a A vindication of the ministers of the Gospel in, and about London, from the unjust aspersions cast upon their former actings for the Parliament, as if they had promoted the bringing of the King to capitall punishment. :  |b With a short exhortation to their people to keep close to their covenant-ingagement. 
260 |a London :  |b Printed by A.M. for Th. Vnderhill at the Bible in Woodstreet,  |c 1648. [id est 1649] 
300 |a 1 online resource ([2], 11, [1] pages) 
336 |a text  |b txt  |2 rdacontent 
337 |a computer  |b c  |2 rdamedia 
338 |a online resource  |b cr  |2 rdacarrier 
500 |a Drawn up by Cornelius Burges during Charles I's trial in January 1649 and signed at the end by him and 56 other ministers. 
500 |a Annotation on Thomason copy: "Jan. 27". 
500 |a Reproduction of the original in the British Library. 
510 4 |a Wing (2nd edition, 1994)  |c B5690A. 
510 4 |a Thomason  |c E.540[11]. 
533 |a Electronic reproduction.  |b Ann Arbor, Mich. :  |c UMI,  |d 1999-  |f (Early English books online)  |n Digital version of: (Thomason Tracts ; 84:E540[11])  |7 s1999 miun s 
600 0 0 |a Charles  |b I,  |c King of England,  |d 1600-1649  |v Early works to 1800. 
651 4 |a Great Britain  |x History  |y Civil War, 1642-1649  |v Early works to 1800. 
700 1 |a Burges, Cornelius,  |d 1589?-1665. 
830 0 |a Early English books online. 
856 4 0 |u http://proxy.library.tamu.edu/login?url=https://search.proquest.com/docview/2240903961  |z Connect to the full text of this electronic book  |t 0 
999 f f |s edfd47e7-70d8-3307-a457-68b561f005e0  |i 725126af-ff0a-34a7-989b-cd46cb25f754  |t 0 
952 f f |a Texas A&M University  |b College Station  |c Electronic Resources  |d Available Online  |t 0  |h No information provided 
998 f f |t 0  |l Available Online